印度的邦与直辖区地图 India states and territories map - Statistics

General Stats
  • This quiz has been taken 155 times
  • The average score is 15 of 35
Answers on the Map
Answers color-coded by a green-red scale on the quiz's map according to % correct below.
 
Answer Stats
类型 行政区划 % Correct
北方邦
88%
中央直辖区 德里
86%
锡金邦
80%
中央邦
79%
阿萨姆邦
74%
西孟加拉邦
73%
古吉拉特邦
70%
中央直辖区 查谟和克什米尔
69%
果阿邦
68%
旁遮普邦
63%
喀拉拉邦
57%
中央直辖区 安达曼-尼科巴群岛
49%
马哈拉施特拉邦
48%
喜马偕尔邦
47%
泰米尔纳德邦
44%
曼尼普尔邦
43%
拉贾斯坦邦
42%
比哈尔邦
41%
中央直辖区 本地治里
38%
奥里萨邦
33%
中央直辖区 拉达克
30%
中央直辖区 昌迪加尔
29%
安得拉邦
27%
梅加拉亚邦
24%
特伦甘纳邦
23%
卡纳塔克邦
22%
哈里亚纳邦
21%
那加兰邦
21%
切蒂斯格尔邦
21%
中央直辖区 达德拉-纳加尔哈维利和达曼-第乌
21%
米佐拉姆邦
20%
特里普拉邦
19%
中央直辖区 拉克沙群岛
19%
北安恰尔邦
16%
恰尔肯德邦
16%
No matching quizzes found
Score Distribution
Percent of People with Each Score
Percentile by Number Answered
Your Score History
You have not taken this quiz